| 000 | 00369nam a22001457a 4500 | ||
|---|---|---|---|
| 020 | _a9780070668638 | ||
| 040 | _cNUST | ||
| 082 |
_a604.2 _bAGR |
||
| 100 |
_aAgrawal, Basant _983066 |
||
| 110 |
_aAGRAWAL, C M _9132624 |
||
| 245 | _aEngineering Drawing | ||
| 260 |
_aNEW DELHI: _bTATA MCGRAW HILL, _c2009. |
||
| 650 |
_aEngineering Drawing _973872 |
||
| 942 |
_2ddc _cBK |
||
| 999 |
_c615725 _d615725 |
||